Doom Eternal- Weapons - Statistics

General Stats
  • This quiz has been taken 616 times
    259 since last reset
  • The average score is 9 of 15
Answer Stats
Hint Answer % Correct
Weapons Super Shotgun
93%
Super Weapons BFG-9000
92%
Weapons Shotgun
92%
Weapons Rocket Launcher
74%
Weapons Ballista
68%
Super Weapons Crucible
67%
Weapons Plasma Rifle
67%
Weapons Chaingun
64%
Equipment Flame Belch
48%
Super Weapons Unmaykr
48%
Weapons Chainsaw
46%
Weapons Heavy Cannon
45%
Equipment Fragmentation Grenade
43%
Equipment Ice Bomb
43%
Super Weapons Sentinel Hammer
33%
No matching quizzes found
Score Distribution
Percent of People with Each Score
Percentile by Number Answered
Your Score History
You have not taken this quiz since the last reset